[Event "Asian Individual Women"]
[Site "Al Ain UAE"]
[Date "2025.05.07"]
[Round "1.24"]
[White "Savitha, Shri B"]
[Black "Khalilova, Madinabonu"]
[Result "0-1"]
[WhiteTitle "IM"]
[BlackTitle "WCM"]
[WhiteElo "2298"]
[BlackElo "1987"]
[WhiteFideId "35061887"]
[BlackFideId "14223422"]
[EventDate "2025.05.07"]

1. e4 c5 2. Nf3 Nc6 3. Bb5 Nf6 4. Nc3 Qc7 5. O-O Nd4 6. Re1 a6 7. Bf1 d6 8. Nxd4
cxd4 9. Nd5 Nxd5 10. exd5 g6 11. d3 Bg7 12. Bg5 e5 13. dxe6 Bxe6 14. Be2 O-O 15.
Bf3 Rac8 16. Re2 Qb6 17. a4 Rc5 18. Bc1 Qc7 19. b4 Re5 20. Bf4 Rxe2 21. Qxe2 Be5
22. Bxe5 dxe5 23. h4 Rc8 24. h5 Kg7 25. Qe4 Rb8 26. g3 Qd6 27. b5 axb5 28. axb5
Bd7 29. Rb1 b6 30. Kg2 Rc8 31. Qh4 h6 32. hxg6 Qxg6 33. Rb2 Rc5 34. Qd8 Bxb5 35.
Rb4 Bc6 36. Rb2 Bxf3+ 37. Kxf3 Qc6+ 38. Kg4 b5 39. Qe7 Kg6 40. Rb1 Qc8+ 41. Kf3
Qf5+ 42. Kg2 Rxc2 43. Rf1 Rd2 44. Qe8 Kh7 45. Qxb5 Rxd3 46. Qd5 Rd2 47. Qc5 Rc2
48. Qd5 Re2 49. Kg1 d3 50. Qc4 Qf3 51. Qb3 e4 52. Qb6 d2 53. Qd4 h5 54. g4 Qxg4+
55. Kh2 Re1 0-1

[Event "Asian Individual Women"]
[Site "Al Ain UAE"]
[Date "2025.05.07"]
[Round "1.25"]
[White "Galas, Bernadette"]
[Black "Priyanka, Nutakki"]
[Result "0-1"]
[WhiteTitle "WIM"]
[BlackTitle "WGM"]
[WhiteElo "1984"]
[BlackElo "2277"]
[WhiteFideId "5208912"]
[BlackFideId "25049615"]
[EventDate "2025.05.07"]

1. e4 e6 2. d4 d5 3. Nd2 a5 4. e5 c5 5. c3 Nc6 6. Bb5 cxd4 7. Ngf3 dxc3 8. bxc3
Bd7 9. Qe2 Nge7 10. O-O Ng6 11. Rb1 Be7 12. Qe3 O-O 13. Bd3 Qc7 14. Re1 a4 15.
h4 Rfe8 16. h5 Nf8 17. Nf1 f6 18. exf6 Bxf6 19. c4 Ne7 20. Qb6 Qxb6 21. Rxb6 Bc6
22. Bf4 dxc4 23. Bxc4 Bd5 24. Bb5 Red8 25. Ne3 Ra7 26. Rd1 Rc8 27. Rd6 Bxa2 28.
Be5 Bxe5 29. Nxe5 Bb3 30. Ra1 Rc5 31. Bc4 Rxe5 32. Bxb3 Nc8 0-1

[Event "Asian Individual Women"]
[Site "Al Ain UAE"]
[Date "2025.05.07"]
[Round "1.26"]
[White "Gong, Qianyun"]
[Black "San Diego, Marie Antoinette"]
[Result "1/2-1/2"]
[WhiteTitle "WGM"]
[BlackTitle "WIM"]
[WhiteElo "2265"]
[BlackElo "1973"]
[WhiteFideId "8602425"]
[BlackFideId "5205204"]
[EventDate "2025.05.07"]

1. e4 c5 2. Nf3 g6 3. c3 d5 4. exd5 Qxd5 5. d4 Bg7 6. Na3 cxd4 7. Bc4 Qe4+ 8.
Be3 Nh6 9. cxd4 O-O 10. Nb5 Nc6 11. Nc3 Qg4 12. h3 Qd7 13. d5 Na5 14. Be2 Nf5
15. Bd2 Nd6 16. O-O Nac4 17. Bc1 b5 18. Qb3 a6 19. Rd1 Bb7 20. a4 Rfc8 21. axb5
axb5 22. Rxa8 Bxa8 23. Nd4 h5 24. Bf4 Qb7 25. Bf3 Na5 26. Qb4 Rc4 27. Qxa5 Rxd4
28. Qd8+ Kh7 29. Rxd4 Bxd4 30. Bxd6 exd6 31. Ne4 Qa7 32. g3 Kg7 33. Qxd6 Qa1+
34. Kg2 Qxb2 35. g4 hxg4 36. hxg4 Qa2 37. Qb4 Qxd5 38. Nd2 Qd8 39. Qxb5 Bxf3+
40. Nxf3 Qb6 41. Qe2 Qb2 42. Nxd4 1/2-1/2

[Event "Asian Individual Women"]
[Site "Al Ain UAE"]
[Date "2025.05.07"]
[Round "1.27"]
[White "Du, Yuxin"]
[Black "Karimova, Guldona"]
[Result "1/2-1/2"]
[BlackTitle "WIM"]
[WhiteElo "1973"]
[BlackElo "2265"]
[WhiteFideId "8610282"]
[BlackFideId "14210410"]
[EventDate "2025.05.07"]

1. e4 c5 2. Nf3 e6 3. g3 d5 4. exd5 exd5 5. d4 Nc6 6. Bg2 Bg4 7. O-O cxd4 8.
Re1+ Be7 9. Nbd2 Nf6 10. Nb3 Bxf3 11. Bxf3 Qb6 12. a4 a5 13. Bg5 O-O 14. Qe2 Ne4
15. Bxe7 Nxe7 16. Bxe4 dxe4 17. Qxe4 Nc6 18. Rad1 Rad8 19. Qf5 Rd6 20. Qb5 Qc7
21. Re2 b6 22. Qc4 Qd7 23. Re4 Rd8 24. Qb5 g6 25. Nc1 Qc7 26. Nd3 Rd5 27. Qc4
Qd6 28. Rde1 Kf8 29. Kg2 Rc8 30. Qb3 Rb8 31. Qc4 Rf5 32. R1e2 Rd8 33. Qb3 Nb8
34. h4 h5 35. Rf4 Rxf4 36. Nxf4 Na6 37. Qf3 Nc5 38. b3 Kg7 39. Nd3 Nd7 40. Qe4
Nf6 41. Qf3 Rc8 42. Qf4 Qd5+ 43. Qf3 Qd6 44. Qf4 Qd5+ 45. Qf3 Rc3 46. Qxd5 Nxd5
47. Rd2 Nc7 1/2-1/2

[Event "Asian Individual Women"]
[Site "Al Ain UAE"]
[Date "2025.05.07"]
[Round "1.28"]
[White "Bayasgalan, Khishigbaatar"]
[Black "Boshra, Alshaeby"]
[Result "1-0"]
[WhiteTitle "WCM"]
[BlackTitle "WIM"]
[WhiteElo "2265"]
[BlackElo "1971"]
[WhiteFideId "4904311"]
[BlackFideId "8102937"]
[EventDate "2025.05.07"]

1. d4 Nf6 2. Nf3 d5 3. c4 e6 4. g3 h6 5. Bg2 Bd6 6. O-O O-O 7. Nc3 Nc6 8. cxd5
exd5 9. Nb5 a6 10. Nxd6 cxd6 11. Bf4 g5 12. Nxg5 hxg5 13. Bxg5 Kg7 14. Qd2 Rh8
15. Bxd5 Qd7 16. Bg2 Qf5 17. f3 Nxd4 18. Be3 Nc2 19. Rac1 Nxe3 20. Qxe3 Qe5 21.
Qd2 Bh3 22. Rfd1 Bxg2 23. Kxg2 Rae8 24. Rc2 Ng4 25. fxg4 Rxh2+ 26. Kf1 Re6 27.
Qd3 Rh1+ 28. Kg2 Rxd1 29. Qxd1 Qe4+ 30. Kg1 Rh6 31. Qd3 Qh1+ 32. Kf2 Rf6+ 33.
Ke3 Qe1 34. Kd4 Qb4+ 35. Qc4 Qe1 36. Qc3 Qg1+ 37. Qe3 Qd1+ 38. Kc3 d5 39. Kb3 d4
40. Qd2 Rb6+ 41. Ka3 Qg1 42. Qg5+ Rg6 43. Qe5+ Kh7 44. Rc7 Qf2 45. b3 b5 46. Rd7
b4+ 47. Kxb4 Qe1+ 48. Ka4 Qf2 49. Rd8 Qf6 50. Qxf6 Rxf6 51. Rxd4 Re6 52. Ka5
Rxe2 53. a4 Re6 54. b4 1-0

[Event "Asian Individual Women"]
[Site "Al Ain UAE"]
[Date "2025.05.07"]
[Round "1.29"]
[White "Pragnya H G"]
[Black "Latifah, Laysa"]
[Result "1/2-1/2"]
[WhiteTitle "WFM"]
[BlackTitle "WIM"]
[WhiteElo "1929"]
[BlackElo "2262"]
[WhiteFideId "25609785"]
[BlackFideId "7111541"]
[EventDate "2025.05.07"]

1. e4 c6 2. d4 d5 3. e5 Bf5 4. Nd2 e6 5. Nb3 Nd7 6. Nf3 Ne7 7. Be2 Nc8 8. O-O
Be7 9. Ne1 c5 10. dxc5 Bg6 11. Bb5 a6 12. Bxd7+ Qxd7 13. Be3 Qc7 14. f4 O-O 15.
Nf3 a5 16. a4 b6 17. cxb6 Nxb6 18. Nbd4 Qb7 19. b3 Rfc8 20. Qe2 Nd7 21. Rfc1 Nc5
22. Nb5 Qa6 23. Nfd4 f6 24. Nf3 fxe5 25. Nxe5 Be4 26. Nc3 Qxe2 27. Nxe2 Na6 28.
Nd4 Bc5 29. c3 Rab8 30. Kf2 Bxd4 31. cxd4 Bc2 32. Ra2 Bxb3 33. Rb2 Rxc1 34. Bxc1
Bxa4 35. Rxb8+ Nxb8 36. Bd2 Na6 37. Bxa5 Kf8 38. Bc3 Ke7 39. Bb2 Nc7 40. Ba3+
Kf6 41. Ke3 Bc2 42. g4 g5 43. Bf8 Be4 44. h4 gxh4 45. Kf2 Nb5 46. Nc6 Kf7 47.
Bb4 Ke8 48. Be1 Kd7 49. Ne5+ Kc8 50. Ke3 h3 51. Bg3 Na3 52. Nf7 Nc2+ 53. Kf2
Nxd4 54. Ng5 Kd7 55. Nxh3 Bg6 56. Ng5 Nb3 57. Nf3 Kc6 58. Ne5+ Kb5 59. Nxg6 hxg6
60. Ke3 Kc4 61. f5 exf5 62. gxf5 gxf5 63. Kf4 d4 64. Kxf5 d3 65. Be1 Kd4 66. Kf4
Na1 67. Kf3 Nc2 68. Bd2 Na3 69. Kf2 Nc4 70. Ke1 Ne3 71. Ba5 Nc4 72. Bd2 Ne3 73.
Ba5 Ke4 74. Bc3 Nc4 75. Bb4 Kd4 76. Bd2 1/2-1/2

[Event "Asian Individual Women"]
[Site "Al Ain UAE"]
[Date "2025.05.07"]
[Round "1.30"]
[White "Yakimova, Mariya"]
[Black "Emujin Enkh-Amgalan"]
[Result "1-0"]
[WhiteTitle "WFM"]
[BlackTitle "WCM"]
[WhiteElo "2260"]
[BlackElo "1917"]
[WhiteFideId "34188859"]
[BlackFideId "4908023"]
[EventDate "2025.05.07"]

1. d4 d5 2. c4 e6 3. Nc3 a6 4. cxd5 exd5 5. Nf3 Nf6 6. Bg5 Be6 7. e3 Nbd7 8. h3
Bd6 9. Bd3 c6 10. Bf4 Qc7 11. g3 h6 12. a4 O-O 13. Rc1 Rfe8 14. Kf1 Nf8 15. Kg2
Bxf4 16. gxf4 Qd6 17. Ne5 Rac8 18. f5 Bd7 19. Rg1 c5 20. Kh1 Rxe5 21. dxe5 Qxe5
22. Qf1 Bxf5 23. Qg2 g6 24. Bxf5 Qxf5 25. Rgd1 d4 26. exd4 cxd4 27. Rxd4 Ne6 28.
Rb4 Nc5 29. Rf1 Rd8 30. Nd1 Nfe4 31. Ne3 Qe6 32. Rc4 b5 33. axb5 axb5 34. Rb4
Rd2 35. Kg1 Nxf2 36. Ng4 Ncd3 37. Rxb5 h5 38. Nxf2 Qe3 39. Rb8+ Kh7 40. Rb3 Qd4
41. Qe4 1-0

[Event "Asian Individual Women"]
[Site "Al Ain UAE"]
[Date "2025.05.07"]
[Round "1.31"]
[White "Ananya Raman"]
[Black "Gomes, Mary Ann"]
[Result "0-1"]
[BlackTitle "WGM"]
[WhiteElo "1904"]
[BlackElo "2258"]
[WhiteFideId "25743457"]
[BlackFideId "5013623"]
[EventDate "2025.05.07"]

1. e4 c5 2. Nf3 e6 3. d4 cxd4 4. Nxd4 a6 5. Bd3 Qc7 6. O-O Nf6 7. Qe2 d6 8. f4
Nbd7 9. c4 Be7 10. Nc3 O-O 11. Kh1 b6 12. Bd2 Bb7 13. Rae1 Rad8 14. Rf3 g6 15.
Rff1 Rfe8 16. Nf3 Bf8 17. b3 Bg7 18. Bc2 Nh5 19. Qe3 Ndf6 20. Qg1 Ng4 21. Ne2 d5
22. e5 dxc4 23. Bb4 cxb3 24. Bxb3 a5 25. Bd6 Rxd6 26. exd6 Qxd6 27. h3 Ngf6 28.
Rd1 Nd5 29. Bxd5 Bxd5 30. Rb1 Rb8 31. Qe3 Bxa2 32. Rfd1 Bd5 33. Nfd4 Bh6 34. Rf1
Nf6 35. Kg1 Ne4 36. Rfd1 a4 37. g3 Bf8 38. Nb5 Qd8 39. Ned4 Bc5 40. Kh2 Nd6 41.
Qe1 Nxb5 42. Nxb5 Qe7 43. Qe5 Rd8 44. Nd4 a3 45. Qe2 a2 46. Ra1 Ra8 47. Qc2 Qe8
48. Qb2 Ra5 49. Rd3 Qa4 50. Rdd1 Qa3 51. Qe2 Qc3 52. Nb5 Rxb5 53. Rxd5 exd5 54.
Rxa2 Ra5 55. Qe8+ Kg7 56. Re2 Qd4 0-1

[Event "Asian Individual Women"]
[Site "Al Ain UAE"]
[Date "2025.05.07"]
[Round "1.32"]
[White "Zhapova, Yana"]
[Black "Zhou, Shumeng"]
[Result "1-0"]
[WhiteTitle "FM"]
[WhiteElo "2258"]
[BlackElo "1901"]
[WhiteFideId "24278670"]
[BlackFideId "8622116"]
[EventDate "2025.05.07"]

1. e4 e5 2. Nf3 Nf6 3. Nxe5 d6 4. Nf3 Nxe4 5. Nc3 Nxc3 6. dxc3 Be7 7. Be3 O-O 8.
Qd2 Nd7 9. O-O-O Re8 10. Bd3 Nf6 11. c4 Bg4 12. h3 Bxf3 13. gxf3 Qd7 14. h4 Nh5
15. Rdg1 Bf6 16. f4 g6 17. f5 Bg7 18. fxg6 hxg6 19. Be2 Nf6 20. h5 Ne4 21. Qd3
Qf5 22. c3 Qe6 23. Bg4 Qf6 24. h6 Bh8 25. h7+ Kf8 26. Bh6+ Ke7 27. Qxe4+ Qe5 28.
Qxb7 Kf6 29. Qf3+ 1-0

[Event "Asian Individual Women"]
[Site "Al Ain UAE"]
[Date "2025.05.07"]
[Round "1.33"]
[White "Zairbek kyzy, Begimai"]
[Black "Kaliakhmet, Elnaz"]
[Result "1-0"]
[WhiteTitle "WFM"]
[BlackTitle "WFM"]
[WhiteElo "1890"]
[BlackElo "2258"]
[WhiteFideId "13803603"]
[BlackFideId "13730169"]
[EventDate "2025.05.07"]

1. e4 c6 2. Nf3 d5 3. exd5 cxd5 4. d4 Nf6 5. Be2 Nc6 6. O-O Bg4 7. Re1 e6 8. c3
Bd6 9. h3 Bh5 10. Ne5 Bxe2 11. Qxe2 Qc7 12. Nd2 Bxe5 13. dxe5 Nd7 14. Nf3 h6 15.
b4 O-O 16. Bf4 Ne7 17. Qd2 Rfc8 18. Rac1 Ng6 19. Bh2 Qc4 20. Nd4 a6 21. f4 Qc7
22. f5 exf5 23. e6 Nde5 24. Nxf5 fxe6 25. Nd4 Nc4 26. Bxc7 Nxd2 27. Be5 Nxe5 28.
Rxe5 Re8 29. Rxe6 Rxe6 30. Nxe6 1-0

[Event "Asian Individual Women"]
[Site "Al Ain UAE"]
[Date "2025.05.07"]
[Round "1.34"]
[White "Kurmangaliyeva, Liya"]
[Black "Orazmukhammedova, Makhim"]
[Result "1-0"]
[WhiteTitle "FM"]
[WhiteElo "2246"]
[BlackElo "1871"]
[WhiteFideId "13725831"]
[BlackFideId "14206978"]
[EventDate "2025.05.07"]

1. e4 e6 2. d4 d5 3. Nc3 Nf6 4. e5 Nfd7 5. f4 c5 6. Nf3 Nc6 7. Be3 Be7 8. Qd2 a6
9. Bd3 O-O 10. dxc5 Nxc5 11. Bxc5 Bxc5 12. Bxh7+ Kh8 13. Bd3 f5 14. Ng5 g6 15.
a3 Kg7 16. h4 Rh8 17. g4 Be7 18. O-O-O Qa5 19. gxf5 exf5 20. Nb1 Qxd2+ 21. Nxd2
Bxg5 22. hxg5 Be6 23. Nf3 Rxh1 24. Rxh1 Rh8 25. Rxh8 Kxh8 26. Kd2 Kg7 27. Kc3
Kf7 28. Nd4 Nd8 29. Kb4 Ke7 30. Kc5 Kd7 31. Kb6 Kc8 32. Be2 Bf7 33. Bf3 Kd7 34.
a4 Kc8 35. a5 Kd7 36. Kc5 Kc7 37. Bxd5 Bxd5 38. Kxd5 Kd7 39. e6+ Ke7 40. Ke5 1-0

[Event "Asian Individual Women"]
[Site "Al Ain UAE"]
[Date "2025.05.07"]
[Round "1.35"]
[White "Aktamova, Zilola"]
[Black "Sihite, Chelsie Monica Ignesias"]
[Result "0-1"]
[WhiteTitle "WCM"]
[BlackTitle "WIM"]
[WhiteElo "1852"]
[BlackElo "2239"]
[WhiteFideId "14210215"]
[BlackFideId "7101198"]
[EventDate "2025.05.07"]

1. e4 e5 2. Nf3 Nc6 3. Bc4 Nf6 4. d3 h6 5. Nc3 d6 6. h3 Na5 7. Bb3 Nxb3 8. axb3
c5 9. Be3 Be6 10. O-O Be7 11. Nh2 g5 12. Ng4 Nd7 13. Bd2 Nb6 14. Ne3 h5 15. Ncd5
g4 16. Ba5 Rc8 17. hxg4 hxg4 18. Nxg4 Bxd5 19. exd5 Kd7 20. f4 f5 21. Ne3 Qf8
22. Qf3 exf4 23. Qxf4 Rh5 24. Bxb6 axb6 25. Nxf5 Bf6 26. c3 Re8 27. Ng3 Rh6 28.
Ne4 Rxe4 29. dxe4 Qh8 30. Kf2 Kc7 31. Ke2 Rg6 32. Rf2 Qh5+ 33. Qf3 Qh4 34. Qf5
Rh6 35. Ra8 b5 36. Rf8 Bg5 37. Rf7+ Kb6 38. Rg7 Rf6 39. g3 Qh5+ 40. g4 Qh4 41.
Rxg5 Rxf5 42. Rfxf5 Qh2+ 43. Rf2 Qh1 44. Kd2 Qb1 45. Ke3 Qc1+ 46. Rd2 Qe1+ 47.
Re2 Qg3+ 48. Kd2 Qf4+ 49. Ke1 Qxg5 50. Rg2 Qc1+ 51. Kf2 Qxb2+ 52. Kg3 Qxc3+ 53.
Kf4 Qf6+ 54. Ke3 Qg5+ 55. Kf3 c4 56. bxc4 bxc4 57. Rb2+ Kc5 58. Rxb7 Kd4 59. Rf7
c3 0-1

[Event "Asian Individual Women"]
[Site "Al Ain UAE"]
[Date "2025.05.07"]
[Round "1.36"]
[White "Omonova, Umida"]
[Black "Mohd Afif, Ainul Mardhiah"]
[Result "1/2-1/2"]
[WhiteTitle "WIM"]
[BlackTitle "WFM"]
[WhiteElo "2235"]
[BlackElo "1849"]
[WhiteFideId "14210363"]
[BlackFideId "35824719"]
[EventDate "2025.05.07"]

1. e4 c5 2. Nf3 Nc6 3. Bb5 e5 4. O-O Bd6 5. c3 a6 6. Bxc6 dxc6 7. d4 exd4 8.
cxd4 Bg4 9. e5 Be7 10. dxc5 Bxc5 11. Nc3 Bf5 12. Bg5 Ne7 13. Qb3 Qc7 14. Qc4 Ba7
15. Nd4 Bxd4 16. Qxd4 h6 17. Bxe7 Qxe7 18. Rad1 O-O 19. Qd6 Rfe8 20. f4 f6 21.
exf6 Qxf6 22. Qxf6 gxf6 23. Kf2 1/2-1/2

[Event "Asian Individual Women"]
[Site "Al Ain UAE"]
[Date "2025.05.07"]
[Round "1.37"]
[White "Olimova, Rukiya"]
[Black "Nurgaliyeva, Zarina"]
[Result "0-1"]
[BlackTitle "WFM"]
[WhiteElo "1836"]
[BlackElo "2235"]
[WhiteFideId "14212510"]
[BlackFideId "13730096"]
[EventDate "2025.05.07"]

1. d4 Nf6 2. c4 e6 3. g3 d5 4. Nf3 dxc4 5. Bg2 a6 6. Ne5 Bb4+ 7. Nc3 Nd5 8. O-O
O-O 9. Nxc4 Nxc3 10. bxc3 Bxc3 11. Rb1 Bxd4 12. Ba3 Re8 13. Qc2 Nd7 14. Na5 0-1

[Event "Asian Individual Women"]
[Site "Al Ain UAE"]
[Date "2025.05.07"]
[Round "1.38"]
[White "Srija, Seshadri"]
[Black "Sun, Wanyao Sarah"]
[Result "1-0"]
[WhiteTitle "WGM"]
[BlackTitle "WCM"]
[WhiteElo "2226"]
[BlackElo "1825"]
[WhiteFideId "5055903"]
[BlackFideId "4313887"]
[EventDate "2025.05.07"]

1. e4 c6 2. d4 d5 3. e5 Bf5 4. Nf3 e6 5. Be2 c5 6. c3 Nc6 7. O-O Bg6 8. a4 Be7
9. Be3 Qb6 10. Na3 c4 11. Nxc4 dxc4 12. d5 Qxb2 13. dxc6 bxc6 14. Bxc4 Nh6 15.
Nd4 Qb7 16. Qf3 Nf5 17. Bb5 Nxd4 18. cxd4 Rc8 19. Rac1 O-O 20. Bxc6 Qb2 21. Bb5
Bb4 22. Rxc8 Rxc8 23. h4 h6 24. h5 Bc2 25. Qb7 Qc3 26. Bd2 Rc7 27. Qa8+ Rc8 28.
Bxc3 Rxa8 29. Bxb4 1-0

[Event "Asian Individual Women"]
[Site "Al Ain UAE"]
[Date "2025.05.07"]
[Round "1.39"]
[White "Mariam, Essa"]
[Black "Potapova, Margarita"]
[Result "0-1"]
[WhiteTitle "WCM"]
[BlackTitle "WIM"]
[WhiteElo "1817"]
[BlackElo "2224"]
[WhiteFideId "9306480"]
[BlackFideId "14126869"]
[EventDate "2025.05.07"]

1. b3 e5 2. Bb2 Nc6 3. e3 d5 4. Bb5 Ne7 5. Bxe5 a6 6. Bxc6+ Nxc6 7. Bb2 Qg5 8.
a3 Qxg2 9. Qf3 Bh3 10. Qxh3 Qxh1 11. Qg3 O-O-O 12. d3 Bd6 13. f4 d4 14. Nd2 Qd5
15. e4 Qh5 16. Nf1 f6 0-1

[Event "Asian Individual Women"]
[Site "Al Ain UAE"]
[Date "2025.05.07"]
[Round "1.41"]
[White "Olimova, Odina"]
[Black "Chitlange, Sakshi"]
[Result "0-1"]
[WhiteTitle "WCM"]
[BlackTitle "WIM"]
[WhiteElo "1808"]
[BlackElo "2215"]
[WhiteFideId "14210916"]
[BlackFideId "35002899"]
[EventDate "2025.05.07"]

1. e4 c6 2. d4 d5 3. Nd2 dxe4 4. Nxe4 Nf6 5. Nxf6+ exf6 6. c3 Bd6 7. Bd3 O-O 8.
Ne2 Re8 9. O-O Nd7 10. Ng3 g6 11. Ne4 Be7 12. f4 f5 13. Ng5 Nf6 14. Qb3 Nd5 15.
Bc4 Rb8 16. Bxd5 cxd5 17. Bd2 Qd6 18. Rae1 Bd7 19. Re5 Bc6 20. Rfe1 f6 21. Re6
Qd7 22. Nf3 Kf7 23. Qd1 Qxe6 24. Rxe6 Kxe6 25. Qe1+ Kf7 26. Qh4 Kg7 27. g4 fxg4
28. Qxg4 Bd6 29. f5 Bd7 30. Qh4 Bxf5 31. Bh6+ 0-1

[Event "Asian Individual Women"]
[Site "Al Ain UAE"]
[Date "2025.05.07"]
[Round "1.42"]
[White "Mohammadi, Melika"]
[Black "Nandinjiguur, Chinzorig"]
[Result "1-0"]
[WhiteTitle "WFM"]
[BlackTitle "WCM"]
[WhiteElo "2205"]
[BlackElo "1803"]
[WhiteFideId "42529271"]
[BlackFideId "4924932"]
[EventDate "2025.05.07"]

1. e4 e5 2. Nf3 Nc6 3. Bb5 a6 4. Ba4 Nf6 5. O-O Be7 6. Re1 b5 7. Bb3 d6 8. c3
O-O 9. h3 Bb7 10. d4 Re8 11. Nbd2 Bf8 12. Bc2 g6 13. d5 Nb8 14. b3 c6 15. c4
Nbd7 16. Nf1 Qc7 17. Bd2 Rec8 18. Rc1 bxc4 19. bxc4 Nc5 20. Bg5 Bg7 21. N3d2 a5
22. Nb3 cxd5 23. Nxc5 Qxc5 24. cxd5 h6 25. Be3 Qc7 26. Ba4 Qe7 27. Nd2 Nd7 28.
Nc4 Ba6 29. Bc6 Rab8 30. Nxa5 Nf6 31. Qa4 Rc7 32. Rb1 Rxb1 33. Rxb1 Nd7 34. Nc4
Bxc4 35. Qxc4 f5 36. f3 f4 37. Bf2 Bf6 38. Qa6 Bh4 39. Bxh4 Qxh4 40. Qa5 Rc8 41.
Bxd7 Rc2 42. Be6+ Kh8 43. Rb8+ Kg7 44. Qa7+ Kf6 45. Qf7+ Kg5 46. Qe7+ Kh5 47.
Bg4+ 1-0

[Event "Asian Individual Women"]
[Site "Al Ain UAE"]
[Date "2025.05.07"]
[Round "1.43"]
[White "Fawaz, Nadia"]
[Black "Tomilova, Elena"]
[Result "0-1"]
[WhiteTitle "WCM"]
[BlackTitle "WGM"]
[WhiteElo "1786"]
[BlackElo "2203"]
[WhiteFideId "5309743"]
[BlackFideId "4162340"]
[EventDate "2025.05.07"]

1. e4 e6 2. Qe2 c5 3. b3 Nc6 4. Bb2 e5 5. Nf3 d6 6. Nc3 Nf6 7. O-O-O Be7 8. h3
O-O 9. g4 Be6 10. Kb1 Nd4 11. Nxd4 cxd4 12. Nb5 a6 13. Na3 b5 14. f4 exf4 15.
Ka1 d5 16. exd5 Bxd5 17. Bg2 Re8 18. Qf2 Bxg2 19. Qxg2 Rc8 20. Rc1 Nd5 21. Rhe1
Nb4 22. Qf2 d3 23. c3 Nd5 24. Qd4 Bxa3 25. Bxa3 Ne3 26. dxe3 d2 27. Qxf4 Rxc3
28. Rf1 dxc1=Q+ 29. Bxc1 Qc7 30. Qxc7 Rxc7 31. Kb2 Rec8 32. Rd1 Rc2+ 33. Kb1 Rh2 0-1

[Event "Asian Individual Women"]
[Site "Al Ain UAE"]
[Date "2025.05.07"]
[Round "1.44"]
[White "Citra, Dewi Ardhiani Anastasia"]
[Black "Naranzaya Zorigoo"]
[Result "1-0"]
[WhiteTitle "WGM"]
[WhiteElo "2202"]
[BlackElo "1785"]
[WhiteFideId "7101244"]
[BlackFideId "4908430"]
[EventDate "2025.05.07"]

1. d4 d5 2. Bf4 Nf6 3. e3 e6 4. Nd2 Bd6 5. Ngf3 O-O 6. Bd3 c5 7. dxc5 Bxf4 8.
exf4 Qc7 9. g3 Qxc5 10. O-O Nbd7 11. Re1 Qc7 12. Nb3 b6 13. Ne5 Nc5 14. Nxc5
bxc5 15. c3 Qb6 16. b3 Ba6 17. Bc2 Rad8 18. Qb1 g6 19. a3 d4 20. c4 Qc7 21. Ra2
Rb8 22. Rb2 Rb6 23. Bd3 Rfb8 24. b4 Nd7 25. b5 Nxe5 26. fxe5 Bc8 27. Qc1 Qd8 28.
Qd2 R6b7 29. a4 a5 30. Re4 Ra7 31. Rh4 Rb6 32. Qf4 Qf8 33. Re2 Qg7 34. Qg5 Rd7
35. Ree4 Rb8 36. Rh6 Bb7 37. Reh4 Rf8 38. Qf6 Rfd8 39. Rxh7 Qxh7 40. Rxh7 Kxh7
41. h4 Rh8 42. g4 Kg8 43. Kh2 Rh6 44. Kg3 Rc7 45. Qd8+ 1-0

[Event "Asian Individual Women"]
[Site "Al Ain UAE"]
[Date "2025.05.07"]
[Round "1.45"]
[White "Belaya, Liliya"]
[Black "Uuriintuya, Uurtsaikh"]
[Result "0-1"]
[BlackTitle "WGM"]
[WhiteElo "1769"]
[BlackElo "2187"]
[WhiteFideId "14223830"]
[BlackFideId "4900227"]
[EventDate "2025.05.07"]

1. e4 c5 2. Nf3 g6 3. d4 cxd4 4. Nxd4 Bg7 5. c4 Nc6 6. Be3 Qb6 7. Nb5 Qa5+ 8.
N1c3 Nf6 9. f3 O-O 10. Be2 d6 11. O-O Be6 12. Nd5 Bxd5 13. cxd5 Ne5 14. a3 a6
15. b4 Qd8 16. Nd4 Qd7 17. Qb3 Rfc8 18. Rfc1 Qd8 19. a4 Ned7 20. a5 h5 21. Rab1
h4 22. Nc2 Nh5 23. Na3 Be5 24. Bf2 Qf8 25. Qa4 Rxc1+ 26. Rxc1 Qh6 27. Rc7 Qf4
28. Kf1 Qxh2 29. Ke1 Qh1+ 30. Kd2 Qxg2 31. Bxh4 Bf4+ 32. Kc3 Qxe2 0-1